Deltarune brainrot quiz - Statistics

General Stats
  • This quiz has been taken 738 times
  • The average score is 6 of 9
Answer Stats
Hint Answer % Correct
GOD DAMMIT ____ WHERE THE HELL ARE WE KRIS
94%
____ inside me Friend
88%
When Deltarune will be released Tomorrow
85%
Ralsei with a ____ gun
72%
Original version of the "Mrbeast song" Attack Of The Killer Queen
70%
They implemented him pluey
64%
Ralsei with a ____ joint
52%
Don´t forget me, your ___-_____! eggs-husband
51%
My man! Nubert
28%
No matching quizzes found
Score Distribution
Percent of People with Each Score
Percentile by Number Answered
Your Score History
You have not taken this quiz